Denník živej spisovateľky

Bibliographic Details
Main Author: Modrovichová, Mária (Author)
Format: Article
Language:Slovak
PhysicalDescription:Fotogr.
ISSN:1336-5932
Subjects:

MARC

LEADER 00000nab a2200000 a 4500
001 vtls009277108
003 SK-MaSNL
005 20260305004506.0
008 140515c2008 xo wr|p|||||||000 b|slo
015 |a SNBRB2008/03  |2 snkbucl 
040 |a SNKBUCL  |b slo  |c SNKBUCL  |e AACR2 
041 0 |a slo 
044 |a xo  |c SK 
080 |a 82:929:821.111 (73)  |2 2001 
080 |a 821.111 (73):929  |2 2001 
080 |a 929 Oates, Joyce Carol  |2 2001 
100 1 |a Modrovichová, Mária  |4 aut  |9 1045202 
245 1 0 |a Denník živej spisovateľky  |c Mária Modrovichová 
300 |b Fotogr. 
600 1 7 |a Oates, Joyce Carol,  |d 1938-  |2 snkbucl  |9 211507 
655 7 |a profily  |2 snkbucl  |9 341977 
773 0 |t Týždeň  |g Roč. V, č. 6 (2008), s. 54-55  |x 1336-5932 
852 |a SNK  |b KIS3GCP 
958 |a US 
958 |a LX 
958 |a BC 
999 |c 3235913  |d 3237843